Datum a čas kvízu
23
Celkem bodů
Celkový počet nahraných bodů na tomto kvízu bez doplňovacích otázek.
5.
Pořadí na kvízu
Konečné umístění týmu na tomto kvízu.
Zaznamenané odpovědi
| # | Otázka | Odpověď | Body | Výsledky |
|---|---|---|---|---|
| 1. | Dne 7. října 1989, tedy ještě... | Ferdinand Vaněk | 0 | |
| 2. | Americká společnost Johnson &... | narostla mu prsa | 0 | |
| 3. | Ti z Vás, kdo pravidelně sledu... | zavedení lokalizované (české) verze nabídky | 0 | |
| 4. | Univerzita Karlova uzavřela pa... | Home Credit | 1 | |
| 5. | V pátek se v Praze odehrál zá... | Vladimír Darida | 0 | |
| 6. | Téma o Brazílii zvítězilo ve f... | pátou a pátou | 0 | |
| 7. | Pokud bychom chtěli v říjnu 20... | v Curychu | 0 | |
| 8. | Tento světově proslulý brazils... | Oscar Niemeyer | 0 | |
| 9. | Především venkovská brazilská... | maniok | 0 | |
| 10. | Co se týče slavných osobností,... | Adriana Lima | 0 |